000 00348nam a2200145 a 4500
008 981214s1967||||xx 0 und c
040 _aSNK
_bslo
_cSNK
_eAACR2
100 1 _aMaurois, André
245 1 0 _aŽivot sira Alexanra Fleminga
260 _aBratislava
_c1967
_bSmena
300 _a269 s.
041 _aslo
044 _axo
_cSK
020 _c17
999 _c12313
_d12313